000
00334nam a2200145Ia 4500
008
210210b1947 xxu||||| |||| 00| 0 eng d
041
_a
eng
082
_a
511/94
100
_a
PAGE (A)
245
_a
Algebra
260
_a
London
_b
University of London Press Ltd.
_c
1947
650
_a
Algebra
690
_a
Algebra
906
_a
007165
999
_c
139501
_d
139501